| 000 | 00482nam a2200169Ia 4500 | ||
|---|---|---|---|
| 003 | GCL | ||
| 008 | 140319s9999 xx 000 0 eng d | ||
| 040 |
_aGCL / _cGCL |
||
| 082 | 0 | 4 |
_a350 _bW I |
| 100 | 1 | _aWHITE, LEONARD D. | |
| 245 | 1 | 0 |
_aINTRODUCTION TO THE STUDY OF PUBLIC ADMINISTRATION / _cWHITE, LEONARD D. |
| 260 |
_a[S.N] : _bEURASIA PUBLISHING HOUSE(PVT.) LTD ، _c1989 |
||
| 300 | _a531 P | ||
| 650 | 0 | 4 | _aMANAGEMENT |
| 650 | 0 | 4 | _aPUBLIC ADMINISTRATION |
| 942 |
_2ddc _cBK |
||
| 999 |
_c10617 _d10617 |
||